000 01104nam a2200325Ia 4500
003 CO-BoRNBP
005 20250605085434.0
007 ta
008 180109s9999 xx 000 0 und d
020 _a9788493172923\8493172944
040 _aCO-BoRNBP
_bspa
_erda
_cCO-BoRNBP
041 _aspa
084 _aT PRA3
100 1 _aPrats, Joan de Déu, 1962-
_959591
245 1 0 _aLohengrin /
_cRicardo Wagner ; adaptación Joan De Déu Prats, ilustraciones Francesc Infante.
250 _a1a. edición
264 1 _aBarcelona :
_bEdicions Hip•tesi;2002
300 _a30 páginas :
_bilustraciones a color :
_b22 cm + 1 CD ROM
336 _atexto
_btxt
_2rdacontent
337 _asin mediación
_bn
_2rdamedia
338 _avolumen
_bnc
_2rdacarrier
490 0 _aOpera Prima
500 _aCD ROM contiene festival symphony orchestra.
600 1 4 _aWagner, Richard, 1813-1883. Lohengrin - Adaptaciones Literarias
_959592
650 0 0 _aOpera
_2LEMB
_959593
650 0 4 _aTeatro
_2LEMB
650 0 0 _aTeatro aleman
_2LEMB
_93395
700 1 _aInfante, Francesc, ilustrador
_959594
942 _2loc
_cBK
999 _c57148
_d57148